|
|
|
|
| LEADER |
01458nam a2200349 a 4500 |
| 001 |
29852 |
| 003 |
BD-DhAAL |
| 005 |
20180415145257.0 |
| 008 |
150907r20141962enk b 001 0 eng |
| 999 |
|
|
|c 35449
|d 35449
|
| 010 |
|
|
|a 83001788
|
| 020 |
|
|
|a 0521258375
|
| 020 |
|
|
|a 0521274230 (pbk.)
|
| 020 |
|
|
|a 9780521274234 paperback
|
| 040 |
|
|
|a DLC
|c DLC
|d DLC
|d BD-DhAAL
|
| 043 |
|
|
|a ma-----
|
| 050 |
0 |
0 |
|a JA84.A6
|b H6 1983
|
| 082 |
0 |
0 |
|a 320.509174927
|2 19
|
| 100 |
1 |
|
|a Hourani, Albert,
|d 1915-1993.
|9 14424
|
| 245 |
1 |
0 |
|a Arabic thought in the liberal age, 1798-1939 /
|c Albert Hourani.
|
| 260 |
|
|
|a Cambridge [Cambridgeshire] ;
|a New York :
|b Cambridge University Press,
|c 1983 [reprinting 2014]
|
| 300 |
|
|
|a x, 406 p. ;
|c 23 cm.
|
| 500 |
|
|
|a Originally published: London ; New York : Oxford University Press, 1962. With new pref.
|
| 500 |
|
|
|a Includes index.
|
| 504 |
|
|
|a Bibliography: p. 374-395.
|
| 541 |
|
|
|e 29852
|
| 650 |
|
0 |
|a Political science
|z Arab countries
|x History.
|9 14425
|
| 651 |
|
0 |
|a Arab countries
|x Politics and government.
|9 14426
|
| 856 |
4 |
2 |
|3 Publisher description
|u http://www.loc.gov/catdir/description/cam022/83001788.html
|
| 856 |
4 |
1 |
|3 Table of contents
|u http://www.loc.gov/catdir/toc/cam028/83001788.html
|
| 942 |
|
|
|2 ddc
|c BK
|
| 952 |
|
|
|0 0
|1 0
|2 ddc
|4 0
|6 320_509174927000000_HOU
|7 0
|9 55744
|a BRACUL
|b BRACUL
|c GEN
|d 2015-09-07
|e Riza Enterprise
|g 4198.00
|l 2
|m 12
|o 320.509174927 HOU
|p 3010029852
|r 2021-03-16
|s 2020-03-16
|t 1
|w 2015-09-07
|y BK
|